Central Library OPAC University of Rajshahi

History : (Record no. 13663)

MARC details
000 -LEADER
fixed length control field 01252cam a2200337 a 4500
001 - CONTROL NUMBER
control field 13663
003 - CONTROL NUMBER IDENTIFIER
rucl marc code BD-RjUL
005 - DATE AND TIME OF LATEST TRANSACTION
control field 20211208235506.0
008 - FIXED-LENGTH DATA ELEMENTS--GENERAL INFORMATION
fixed length control field 140201s2000 enkab b 001 0 eng
020 ## - INTERNATIONAL STANDARD BOOK NUMBER
International Standard Book Number 019285352X
International Standard Book Number 9780192853523
035 ## - SYSTEM CONTROL NUMBER
System control number (BD-RjUL)13715
040 ## - CATALOGING SOURCE
Original cataloging agency DLC
Transcribing agency DLC
Modifying agency DLC
-- BD-RjUL
Language of cataloging eng
041 ## - LANGUAGE CODE
Language code of text/sound track or separate title eng
082 00 - DEWEY DECIMAL CLASSIFICATION NUMBER
Classification number 901
Edition number 21
Author mark and year ARH 2000
100 1# - MAIN ENTRY--PERSONAL NAME
Personal name Arnold, John.
Dates associated with a name 1969-
9 (RLIN) 42759
245 10 - TITLE STATEMENT
Title History :
Remainder of title a very short introduction /
Statement of responsibility, etc. John H. Arnold.
260 ## - PUBLICATION, DISTRIBUTION, ETC. (IMPRINT)
Place of publication, distribution, etc. Oxford :
-- New York :
Name of publisher, distributor, etc. Oxford University Press,
Date of publication, distribution, etc. 2000.
300 ## - PHYSICAL DESCRIPTION
Pagination 137 p. :
Illustrations ill., 1 map ;
Size 18 cm.
504 ## - BIBLIOGRAPHY, ETC. NOTE
Bibliography, etc Includes bibliographical references (p. 127-130) and index.
650 #0 - SUBJECT ADDED ENTRY--TOPICAL TERM
Topical term or geographic name as entry element History
General subdivision Philosophy.
9 (RLIN) 42761
Topical term or geographic name as entry element History, Methodology.
9 (RLIN) 42762
Topical term or geographic name as entry element Historiography.
9 (RLIN) 42763
856 42 - ELECTRONIC LOCATION AND ACCESS
Materials specified Publisher description
Uniform Resource Identifier <a href="http://www.loc.gov/catdir/enhancements/fy0604/99057694-d.html">http://www.loc.gov/catdir/enhancements/fy0604/99057694-d.html</a>
Materials specified Table of contents only
Uniform Resource Identifier <a href="http://www.loc.gov/catdir/enhancements/fy0604/99057694-t.html">http://www.loc.gov/catdir/enhancements/fy0604/99057694-t.html</a>
Materials specified Contributor biographical information
Uniform Resource Identifier <a href="http://www.loc.gov/catdir/enhancements/fy0724/99057694-b.html">http://www.loc.gov/catdir/enhancements/fy0724/99057694-b.html</a>
942 ## - ADDED ENTRY ELEMENTS (KOHA)
Source of classification or shelving scheme Dewey Decimal Classification
Koha item type Books
Holdings
Lost status Source of classification or shelving scheme Damaged status Not for loan Collection code Permanent Location Current Location Shelving location Date acquired Source of acquisition Cost, normal purchase price Total Checkouts Full call number Date last seen Copy number Koha item type
  Dewey Decimal Classification   Not For Loan Non-fiction Central Library, University of Rajshahi Central Library, University of Rajshahi Reading Room 06/07/2013 paragon Enterprises Dhaka 297.00   901 ARH 2000 01/02/2014 C-1 Books